| 000 | 00420 a2200133 4500 | ||
|---|---|---|---|
| 001 | ART_9696 | ||
| 005 | 20260410161838.0 | ||
| 008 | 260409a | ||
| 245 | 1 | 0 | _aControles formales mínimos sobre los Estados Contables |
| 100 | 1 | _aPiñeiro, Horacio | |
| 700 | 1 | _aSvidovsky, Marcelo | |
| 700 | 1 | _aBrener, Ricardo J. | |
| 773 | 0 |
_tContabilidad y administración _g- Año 6, Nº 63 (set. 1982) _wREV5485 |
|
| 999 |
_c23816 _d23816 |
||